Odpowiedź zaczyna się na literę A - Papież Cup - Statystyki

Ogólne statystyki
  • Ten quiz został rozwiązany 10 razy
  • Średni wynik to 4 z 8
Statystyki odpowiedzi
Hint Odpowiedź % Poprawnych
Serwer, na który dołączają nowi użytkownicy, a następnie z tego serwera po udanych kwalifikacjach dołączają na główny serwer Papież Cup Akademia
100%
Drużynowi zwycięzcy Papież Cup w sezonie 2091 i 2092, w której to kadrze byli chociażby Mar, Matius czy Powerr Australia
100%
dwukrotni drużynowi zwycięzcy Papież Cup w sezonach 2021 i 2022 oraz druga kadra dekady w latach 2019-2029, ustępując tylko Polsce Austria
67%
stary nick Adriana, zawodnik mający 7/8 legendy (z czego aż cztery rzeczy zdobył w sezonie 2021), ale nigdy nie wygrał WT. i też lubił się sporo udzielać Alex
56%
Dwukrotny zwycięzca Ksiądz Cup oraz posiadacz 5/8 legendy Araxe
44%
Drużynowi mistrzowie świata z 2073, w których to barwach złoto zdobyli Hubibi i Tobilax Aruba
33%
mistrz olimpijski z sezonu 2048, jego drugi nick to Skoczek Aefri
11%
Kanał z kwestionariuszami Ankiety
11%
Nie znaleziono quizów pasujących do podanych kryteriów
Rozkład punktacji
Procent ludzi z każdym wynikiem
Percentyl według liczby udzielonych odpowiedzi
Twoja historia wyników
Nie rozwiązałeś tego quizu